Определение радиусов кривизны циклоидального профиля зуба; Автоматизация и прогрессивные технологии в атомной отрасли (АТП 2009); Т. 1

Bibliografiset tiedot
Parent link:Автоматизация и прогрессивные технологии в атомной отрасли (АТП 2009): VI Межотраслевая научно-техническая конференция, Новоуральск, НГТИ, 23-25 сентября 2009 г..— , 2009
Т. 1.— 2009.— С. 172-176
Päätekijä: Шибинский К. Г. Константин Григорьевич
Muut tekijät: Ефременков Е. А. Егор Алексеевич, Ан И-Кан
Yhteenveto:В фонде НТБ ТПУ отсутствует
Kieli:venäjä
Julkaistu: 2009
Aiheet:
Aineistotyyppi: MixedMaterials Kirjan osa
KOHA link:https://koha.lib.tpu.ru/cgi-bin/koha/opac-detail.pl?biblionumber=597846

MARC

LEADER 00000naa0a2200000 4500
001 597846
005 20250619133458.0
035 |a (RuTPU)RU\TPU\tpu\21244 
035 |a RU\TPU\tpu\21243 
090 |a 597846 
100 |a 20120515d2009 k||y0rusy50 ca 
101 0 |a rus 
102 |a RU 
200 1 |a Определение радиусов кривизны циклоидального профиля зуба  |f К. Г. Шибинский, Е. А. Ефременков, Ан И-Кан 
333 |a В фонде НТБ ТПУ отсутствует 
461 |t Автоматизация и прогрессивные технологии в атомной отрасли (АТП 2009)  |o VI Межотраслевая научно-техническая конференция, Новоуральск, НГТИ, 23-25 сентября 2009 г.  |d 2009 
463 |t Т. 1  |v С. 172-176  |d 2009 
610 1 |a труды учёных ТПУ 
700 1 |a Шибинский  |b К. Г.  |c специалист в области машиностроения  |c старший преподаватель Томского политехнического университета  |f 1980-  |g Константин Григорьевич  |3 (RuTPU)RU\TPU\pers\30617 
701 1 |a Ефременков  |b Е. А.  |c специалист в области машиностроения  |c доцент Томского политехнического университета, кандидат технических наук  |f 1975-  |g Егор Алексеевич  |3 (RuTPU)RU\TPU\pers\25819  |4 070  |9 11692 
701 0 |a Ан И-Кан  |c специалист в области теоретической и прикладной механики  |c профессор Томского политехнического университета, доктор технических наук  |3 (RuTPU)RU\TPU\pers\29480  |4 070 
801 1 |a RU  |b 63413507  |c 20120515 
801 2 |a RU  |b 63413507  |c 20150331  |g RCR 
850 |a 63413507 
942 |c BK